Catálogo

HEALTH IMPACT OF DIFFERENT ENERGY SOURCES : (Registro nro. 23854)

Detalles MARC
000 -LEADER
fixed length control field 00508nam a2200169 a 4500
001 - CONTROL NUMBER
control field 23854
005 - DATE AND TIME OF LATEST TRANSACTION
control field 20180713222000.0
008 - FIXED-LENGTH DATA ELEMENTS--GENERAL INFORMATION
fixed length control field 140415s1986 enk 000 0 eng d
020 ## - INTERNATIONAL STANDARD BOOK NUMBER
International Standard Book Number 9289011106
041 ## - LANGUAGE CODE
Language code of text/sound track or separate title eng
082 ## - DEWEY DECIMAL CLASSIFICATION NUMBER
Classification number 363.7
Item number HEA
245 00 - TITLE STATEMENT
Title HEALTH IMPACT OF DIFFERENT ENERGY SOURCES :
Remainder of title A CHALLENGE FOR THE END OF THE CENTURY
250 ## - EDITION STATEMENT
Edition statement 1a ed.
260 ## - PUBLICATION, DISTRIBUTION, ETC.
Place of publication, distribution, etc. INGLATERRA :
Name of publisher, distributor, etc. WORLD HEALTH ORGANIZATION,
Date of publication, distribution, etc. 1986
300 ## - PHYSICAL DESCRIPTION
Extent 71
650 14 - SUBJECT ADDED ENTRY--TOPICAL TERM
Topical term or geographic name entry element ENERGIA
General subdivision ASPECTOS AMBIENTALES
-- SALUD
Existencias
Withdrawn status Lost status Source of classification or shelving scheme Damaged status Not for loan Collection code Home library Current library Shelving location Date acquired Source of acquisition Inventory number Total Checkouts Full call number Barcode Date last seen Price effective from Koha item type
    Dewey Decimal Classification     General Biblioteca Karol Wojtyla Biblioteca Karol Wojtyla Sala general 03/12/2013 Compra 151000000000000000048014   363.7 HEA 44715 05/01/2026 03/12/2013 Libro